Multi-Category Threesomes II Quiz Stats

 Plays Quiz Updated Feb 22, 2019

Score 0/45 Timer 05:00
17 Plays Today
% Correct
Buddy Holly
95.4%
Proton
95.4%
Neutron
95.4%
Electron
95.1%
Bayern Munich
95.1%
Holy Spirit
94.9%
Regally
94.9%
Netherlands
94.9%
Largely
94.8%
Ritchie Valens
94.8%
Gallery
94.7%
Father
94.7%
Dewey
94.6%
Louie
94.6%
Son
94.4%
Huey
94.3%
Crackle
93.8%
Pop
93.6%
There Will Be Blood
93.6%
Fold
93.4%
Snap
93.3%
Bet
93.3%
Belgium
93.3%
% Correct
Past
92.7%
Present
92.4%
Borussia Dortmund
92.1%
Hamburg
92%
Check
91.9%
Yet to Come
90.4%
United States
89.4%
Robb
89.3%
Malaysia
89.1%
Canada
88.8%
Rickon
88.8%
Butcher
88.4%
Indonesia
88.1%
Baker
87.7%
Mexico
87%
Bran
87%
Candlestick Maker
86.6%
My Left Foot
85.3%
The Big Bopper
84.9%
Brunei
84.6%
Lincoln
83%
Suriname
74.4%

You're not logged in!

Compare scores with friends on all Sporcle quizzes.
OR
Log In

Sporcle TV

Today on Sporcle TV


Watch our educational content, quiz creation guides, and fun videos on Sporcle TV.

Show Comments

Extras

Top Quizzes Today


Score Distribution

Your Account Isn't Verified!

In order to create a playlist on Sporcle, you need to verify the email address you used during registration. Go to your Sporcle Settings to finish the process.

Report this User

Report this user for behavior that violates our Community Guidelines.

Details: